Movies Quiz

Random Movies or Director Quiz

Cameron Crowe Movies Quiz Stats

 Plays Quiz Updated Mar 6, 2020

     
Support Sporcle.
Go Orange.
Score 0/8 Timer 02:00
0 Plays Today
Year Movie % Correct
2000Almost Famous
92.4%
1996Jerry Maguire
63.5%
2015Aloha
54%
1989Say Anything
53.3%
2001Vanilla Sky
51.4%
2005Elizabethtown
47.8%
2011We Bought a Zoo
47.1%
1992Singles
41.7%

From the Vault

TV Show by Board Game Scene

by Noldeh

At least we know these characters never get board.
Remove Ads.
Support Sporcle.
Get the best of Sporcle when you Go Orange. This ad-free experience offers more features, more stats, and more fun while also helping to support Sporcle. Thank you for becoming a member.

Show Comments

Extras

Top Quizzes Today


Score Distribution

Your Account Isn't Verified!

In order to create a playlist on Sporcle, you need to verify the email address you used during registration. Go to your Sporcle Settings to finish the process.

Report this User

Report this user for behavior that violates our Community Guidelines.

Details: